LEADER 01153nam0-2200361---450- 001 990009887300403321 005 20140722123710.0 010 $a978-88-15-24136-8 035 $a000988730 035 $aFED01000988730 035 $a(Aleph)000988730FED01 035 $a000988730 100 $a20140722d2012----km-y0itay50------ba 101 0 $aita 102 $aIT 105 $ay-------001yy 200 1 $aAltiero Spinelli, il federalismo europeo e la resistenza$fa cura di Cinzia Rognoni Vercelli, Paolo G. Fontana e Daniela Preda 210 $aBologna$cil Mulino$d2012 215 $a622 p.$d22 cm 225 1 $aFonti e studi sul federalismo e sull'integrazione europea$iRicerche di storia 610 0 $aFederalismo$aEuropa 610 0 $aSpinelli, Altiero 676 $a321.02094$v22$zita 702 1$aRognoni Vercelli,$bCinzia 702 1$aFontana,$bPaolo Giuseppe 702 1$aPreda,$bDaniela 801 0$aIT$bUNINA$gREICAT$2UNIMARC 901 $aBK 912 $a990009887300403321 952 $aXII A 1541$b51668$fFSPBC 959 $aFSPBC 996 $aAltiero Spinelli, il federalismo europeo e la resistenza$9829519 997 $aUNINA LEADER 00880nam0-22002771i-450- 001 990001632300403321 005 20050318093143.0 035 $a000163230 035 $aFED01000163230 035 $a(Aleph)000163230FED01 035 $a000163230 100 $a20030910d1875----km-y0itay50------ba 101 0 $afre 200 1 $aVoyage d'un naturaliste autour du monde fait a bord du navire le "Neagle" de 1831 a 1836$fCharles Darwin 210 $aParis$cC. Reinwald$d1875 215 $a552 p.$d23 cm 610 0 $aSpedizioni scientifiche 676 $a508 700 1$aDarwin,$bCharles$f<1809-1882>$046083 801 0$aIT$bUNINA$gRICA$2UNIMARC 901 $aBK 912 $a990001632300403321 952 $a60 574.9 B 12$b4226$fFAGBC 959 $aFAGBC 996 $aVoyage d'un naturaliste autour du monde fait a bord du navire le "Neagle" de 1831 a 1836$9367231 997 $aUNINA